| 000 | 03201cam a22001934a 4500 | ||
|---|---|---|---|
| 005 | 20250605164219.0 | ||
| 008 | 250528s ||||||||||||||||||||||||d | ||
| 035 | _a20596 | ||
| 020 | _a9606311597 | ||
| 040 |
_aGR-AtMCL _bgre _dGR-AtMCL _eAACR2 |
||
| 245 | 1 | _aΠοιότητα Ζωής Ατόμων με Αναπηρία: Εισαγωγή στην Ειδική Παιδαγωγική, Τόμος Δ' / Από την Θεωρία στην Πράξη - Δείκτης Κοινωνικής Ένταξης και Ενσωμάτωσης: Έννοια, Παράγοντες και Συντελεστές, Ερευνητική Μεθοδολογία Αξιολόγησης, Στρατηγικές Βελτίωσης, Πρότυπα Μέτρησης και Βελτίωσης της Ποιότητας Ζωής | |
| 260 |
_bΑποστολική Διακονία Της Εκκλησίας Της Ελλάδος, _c2006 |
||
| 300 | _a540 | ||
| 520 | _aΤο έργο αυτό αποτελεί συμβολή στην προσπάθεια προσέγγισης και αντιμετώπισης του προβλήματος της ένταξης και ενσωμάτωσης των προσώπων με αναπηρία στο κοινωνικό γίγνεσθαι με βελτίωση των σχετικών όρων και προϋποθέσεων και κατά συνέπεια και της ποιότητας ζωής τους. Πρόλογος, Οι Θεωρίες για την Ποιότητα Ζωής των Ατόμων με Αναπηρία, Η Έννοια της Ζωής και της Ποιότητας Ζωής, Ορισμοί της Ποιότητας Ζωής, Η Ποιότητα Ζωής των Ατόμων με Αναπηρία, Παράγοντες και Συντελεστές που Διαμορφώνουν την Ποίοτητα Ζωής των Ατόμων με Αναπηρία, Περιβάλλον, Πρόληψη και Λειτουργική Αποκατάσταση και Υγεία και Διατροφη, Ατομικά Δικαιώματα και Ισότητα Ευκαιριών και Προθετικότητα, Σχολική Ζωή, Επαγγελματική Ένταξη και Υποστήριξη και Ενσωμάτωση, Αποϊδρυματισμός, Κοινωνική Ζωή, Ελεύθερος Χρόνος και Ψυχαγωγία, Γήρας, Υπηρεσίες, Πολιτική, Τεχνολογία, Αλληλεπιδράσεις από τους Παράγοντες που Διαμορφώνουν την Ποιότητα Ζωής, Μεθοδολογία Αξιολόγησης της Ποιότητας Ζωής, Κριτήρια για τη Μέτρηση και Αξιολόγηση της Ποιότητας των Υπηρεσιών, Εφαρμογές και Προτάσεις για τη Βελτίωση και Διασφάλιση της Ποιότητας Ζωής των Α.Μ.Α., Αλληλεπιδράσεις και Πολλαπλασιαστικά Οφέλη, Βιβλιογραφία. | ||
| 700 | 1 |
_aΔελλασούδας Λαυρέντιος Γ _95943 |
|
| 942 | _cBK | ||
| 999 |
_c5687 _d5687 |
||